The Bin Ladens : (Record no. 549662)

000 -LEADER
fixed length control field 01467cam a2200169 a 4500
020 ## - INTERNATIONAL STANDARD BOOK NUMBER
International Standard Book Number 9781594201646
082 00 - DEWEY DECIMAL CLASSIFICATION NUMBER
Classification number 953.8052
Author Mark COL
100 1# - MAIN ENTRY--PERSONAL NAME
Personal name Coll, Steve.
9 (RLIN) 9738
245 14 - TITLE STATEMENT
Title The Bin Ladens :
Remainder of title an Arabian family in the American century /
Statement of responsibility, etc. Steve Coll.
260 ## - PUBLICATION, DISTRIBUTION, ETC.
Place of publication, distribution, etc. New York :
Name of publisher, distributor, etc. Penguin Press,
Date of publication, distribution, etc. 2008.
300 ## - PHYSICAL DESCRIPTION
Extent 671 p. :
Other physical details ill. ;
Dimensions 25 cm.
505 0# - FORMATTED CONTENTS NOTE
Formatted contents note Patriarchs : 1900 to September 1967. In exile -- The royal garage -- Silent partners -- The glory of his reign -- For Jerusalem -- The backlash -- A modern man -- Crosswind -- Sons and daughters : September 1967 to May 1988. The guardians -- Young Osama -- Realm of conspiracy -- The rising son -- Discovering America -- The convert's zeal -- Wired -- The amusement park -- In the king's service -- Anxiety disorder -- The grinder -- The arms bazaar -- Off the books -- The proposal -- Kitty Hawk field of dreams -- The global family : June 1988 to September 2001. Writer-director-producer -- Lump sums -- America in motion -- The Swiss accounts -- A Rolls Royce in the rain -- The construction of exile -- Hedge funds -- A trojan desk -- The aesthetics of worship -- One phone, one world -- Lawyers, guns, and money -- Bin Laden island -- Legacies : September 2001 to September 2007. The name -- Public relations -- Brands -- So what? -- In exile.
526 ## - STUDY PROGRAM INFORMATION NOTE
Program name 0
Interest level 0
Reading level 0
Title point value 953_805200000000000_COL
650 ## - SUBJECT ADDED ENTRY--TOPICAL TERM
Topical term or geographic name entry element MCE
9 (RLIN) 379
856 41 - ELECTRONIC LOCATION AND ACCESS
Uniform Resource Identifier <a href="http://www.loc.gov/catdir/toc/ecip082/2007042748.html">http://www.loc.gov/catdir/toc/ecip082/2007042748.html</a>
942 ## - ADDED ENTRY ELEMENTS (KOHA)
Source of classification or shelving scheme
Koha item type Book
Holdings
Withdrawn status Lost status Source of classification or shelving scheme Damaged status Not for loan Permanent Location Current Location Date acquired Total Checkouts Total Renewals Full call number Barcode Date last seen Date last checked out Price effective from Koha item type
          Military College of Engineering (MCE) Military College of Engineering (MCE) 10/03/2014 3 1 953.8052 COL MCE-46248 03/22/2017 02/22/2017 10/03/2014 Book
© 2023 Central Library, National University of Sciences and Technology. All Rights Reserved.